000
00320nam a22001337a 4500
008
260407b ||||| |||| 00| 0 eng d
020
_a
9994378015
041
_a
shqip
080
_a
796.33
100
_a
30
101
_a
Sport
245
_a
Historia e Kampionateve të Shqipërisë
_c
Besnik Dizdari
942
_2
udc
_c
BK
999
_c
60965
_d
60965